000
00283nam a22001337a 4500
008
170904b xxu||||| |||| 00| 0 eng d
020
_a
0618373675
041
_a
eng
080
_a
070
100
_a
40
101
_a
MED
245
_a
PUBLIC SPEAKING
_c
ANDREWS,P.H
942
_2
udc
_c
BK
999
_c
26029
_d
26029